|
|
|
|
| LEADER |
01031cam a2200229 7i4500 |
| 001 |
0000037096 |
| 005 |
20180420090000.0 |
| 008 |
101020 eng |
| 090 |
0 |
0 |
|a TK7868.P7
|b C65 2009
|
| 100 |
0 |
|
|a Collin Layang Joshua Runggah
|
| 245 |
1 |
0 |
|a Development of accelerometer sensor system via surface mount technology
|c Collin Layang anak Joshua Runggah.
|
| 260 |
|
|
|a Bestari Jaya, Selangor:
|b UNISEL,
|c 2009.
|
| 300 |
|
|
|a xiv, 63 p.:
|b col. ill.;
|c 30 cm.
|
| 500 |
|
|
|a Please login MyLib (library.unisel.edu.my/web/guest/mylibrary - click eDocument)
|
| 502 |
|
|
|a Thesis (Bachelor of Engineering-Electronic), UNISEL, 2009
|
| 504 |
|
|
|a Includes bibliographical references and appendix
|
| 610 |
2 |
|
|a Universiti Industri Selangor
|
| 650 |
0 |
0 |
|a Surface mount technology
|
| 650 |
0 |
0 |
|a Printed circuits --
|x Design and construction
|
| 997 |
|
|
|a Engineering & Life Sciences, Faculty
|b Engineering, Department
|
| 998 |
|
|
|a Electronics Engineering, Degree
|
| 999 |
|
|
|a THE0001357
|b THESIS
|c THESIS
|e Thesis Room, Bestari Jaya
|